| 000 | 00709nam a22002177a 4500 | ||
|---|---|---|---|
| 003 | OSt | ||
| 005 | 20250805140222.0 | ||
| 008 | 250805s2006 sp ||||| |||| 00| 0 spa d | ||
| 020 | _a0072872055 | ||
| 020 | _a9789701053812 | ||
| 040 | _cbesoc | ||
| 100 | 1 | 0 |
_aSamuelson, Paul A., _d1915-2009 |
| 245 | 1 | 0 |
_aEconomía / _cPaul A. Samuelson, William D. Nordhaus ; traducción María Guadalupe Cevallos Almada[et al.] ; revisión técnica Víctor G. Carreón Rodríguez. |
| 250 | _a18a ed. | ||
| 260 |
_aMadrid : _bMcGraw-Hill, _c2006. |
||
| 300 |
_a XXX, 753 p. ; _c28 cm |
||
| 650 | 0 | 4 | _aEconomía |
| 700 | 1 |
_aNordhaus, William, D., _d1941- |
|
| 700 | 1 | _aCarreón Rodríguez, Víctor, G. | |
| 942 |
_2udc _cOG _n0 |
||
| 999 |
_c548 _d548 |
||